[Event "16. Obert Int. Sant Martí 2014 Grupo B"]
[Site "Barcelona ESP"]
[Date "2014.07.14"]
[Round "2.65"]
[White "Tadevosyan, Galust"]
[Black "Acriz Ibañez, Salvador"]
[Result "1-0"]
[WhiteElo "1843"]
[BlackElo "1700"]
[PlyCount "55"]
[EventDate "2014.07.13"]
[EventType "swiss"]
[EventRounds "9"]
[EventCountry "ESP"]
[Source "lmi"]
[SourceDate "2014.07.13"]

1. e4 c5 2. Nf3 Nc6 3. Nc3 e5 4. Bc4 d6 5. d3 h6 6. Nd2 Nf6 7. Nf1 Be7 8. Ne3
O-O 9. O-O a6 10. a4 Nd4 11. Ned5 Nxd5 12. Nxd5 Bg5 13. f4 exf4 14. Bxf4 Bxf4
15. Nxf4 Qg5 16. c3 Ne6 17. Nd5 b6 18. Rf5 Qd8 19. Qb3 Nd4 20. cxd4 Bxf5 21.
exf5 cxd4 22. f6 gxf6 23. Rf1 Re8 24. Nxf6+ Kg7 25. Nxe8+ Qxe8 26. Qd1 Qe3+ 27.
Kh1 f6 28. Qg4+ 1-0

[Event "16. Obert Int. Sant Martí 2014 Grupo B"]
[Site "Barcelona ESP"]
[Date "2014.07.14"]
[Round "2.66"]
[White "Cassi Gimeno, Jordi"]
[Black "Sanchez Coves, Joan Josep"]
[Result "0-1"]
[WhiteElo "1700"]
[BlackElo "1842"]
[PlyCount "100"]
[EventDate "2014.07.13"]
[EventType "swiss"]
[EventRounds "9"]
[EventCountry "ESP"]
[Source "lmi"]
[SourceDate "2014.07.13"]

1. e4 c5 2. Nf3 a6 3. c3 b5 4. d4 Bb7 5. d5 Nf6 6. Bd3 d6 7. Bg5 Nbd7 8. h3 g6
9. Nbd2 Bg7 10. O-O O-O 11. Re1 c4 12. Bc2 h6 13. Be3 Nh7 14. a3 e5 15. Nh2
Ndf6 16. Ndf3 Bc8 17. Qc1 g5 18. g4 Bd7 19. Kg2 Qc8 20. Kg3 Kh8 21. Nd2 Ng8 22.
f3 Ne7 23. Rh1 Ng6 24. Qe1 Nf4 25. Bxf4 gxf4+ 26. Kg2 Bf6 27. Nhf1 h5 28. Bd1
Rg8 29. Nh2 Qd8 30. Qg1 Bh4 31. Kf1 Ng5 32. Qg2 Qb6 33. Be2 Nxh3 34. Rd1 Nf2
35. Qg1 Qe3 36. Nb1 Nxd1 37. Qxe3 Nxe3+ 38. Kg1 f5 39. Nd2 fxg4 40. fxg4 Bg3
41. Nhf1 Nxf1 42. Nxf1 h4 43. Nxg3 fxg3 44. Rxh4+ Kg7 45. Kg2 Rh8 46. Kxg3 Rxh4
47. Kxh4 Kg6 48. g5 Rh8+ 49. Kg3 Kxg5 50. Kf2 Kf4 0-1

[Event "16. Obert Int. Sant Martí 2014 Grupo B"]
[Site "Barcelona ESP"]
[Date "2014.07.14"]
[Round "2.67"]
[White "Recacha Limeres, Sergi"]
[Black "Cervera Lopez, Miguel"]
[Result "1-0"]
[WhiteElo "1839"]
[BlackElo "1700"]
[PlyCount "69"]
[EventDate "2014.07.13"]
[EventType "swiss"]
[EventRounds "9"]
[EventCountry "ESP"]
[Source "lmi"]
[SourceDate "2014.07.13"]

1. e4 e5 2. Nf3 d6 3. d4 exd4 4. c3 Nf6 5. Bc4 d5 6. exd5 Qe7+ 7. Kf1 Qc5 8.
Qe2+ Be7 9. cxd4 Qd6 10. Nc3 a6 11. g3 Bh3+ 12. Kg1 O-O 13. Bf4 Qd8 14. Ng5 Bg4
15. f3 Bf5 16. Be5 Nbd7 17. Re1 Re8 18. d6 Nxe5 19. dxe5 Nd5 20. Nxf7 Kxf7 21.
Bxd5+ Kf8 22. dxe7+ Rxe7 23. e6 Qd6 24. g4 Bg6 25. f4 Rae8 26. f5 Bf7 27. Qf3
c6 28. Kg2 Qb4 29. Rhf1 Rd8 30. f6 Qxb2+ 31. Kh1 Bxe6 32. fxg7+ Kxg7 33. Qf6+
Kg8 34. Bxe6+ Rxe6 35. Qxd8+ 1-0

[Event "16. Obert Int. Sant Martí 2014 Grupo B"]
[Site "Barcelona ESP"]
[Date "2014.07.14"]
[Round "2.68"]
[White "Trabado Nieto, David"]
[Black "Perez Ramirez, Placido"]
[Result "0-1"]
[WhiteElo "1700"]
[BlackElo "1800"]
[PlyCount "78"]
[EventDate "2014.07.13"]
[EventType "swiss"]
[EventRounds "9"]
[EventCountry "ESP"]
[Source "lmi"]
[SourceDate "2014.07.13"]

1. d4 d5 2. c4 e6 3. Nf3 Nf6 4. Nc3 h6 5. c5 b6 6. cxb6 cxb6 7. Bf4 Nc6 8. e3
Be7 9. Bb5 Bd7 10. O-O O-O 11. Ba4 a6 12. Ne2 b5 13. Bc2 Rc8 14. Qd3 Nb4 15.
Qb3 Nxc2 16. Rfc1 Nxa1 17. Qd1 Rxc1 18. Qxc1 Qb6 19. Ne5 Rc8 20. Qxa1 Be8 21.
e4 Nxe4 22. Ng4 Qc6 23. a3 Qc2 24. Qc1 Qxc1+ 25. Nxc1 Rc2 26. b4 f5 27. Nd3
fxg4 28. g3 Rc3 29. Ne5 Rxa3 30. Bc1 Rb3 31. Nxg4 Rxb4 32. f3 Nc3 33. Ne3 Rb1
34. Kf1 Rxc1+ 35. Kf2 b4 36. h4 b3 37. Nc2 Rxc2+ 38. Ke1 b2 39. g4 b1=Q# 0-1

[Event "16. Obert Int. Sant Martí 2014 Grupo B"]
[Site "Barcelona ESP"]
[Date "2014.07.14"]
[Round "2.69"]
[White "Molina Mañas, Miquel"]
[Black "Gomez Albamonte, Sonia"]
[Result "1/2-1/2"]
[WhiteElo "1832"]
[BlackElo "1700"]
[PlyCount "78"]
[EventDate "2014.07.13"]
[EventType "swiss"]
[EventRounds "9"]
[EventCountry "ESP"]
[Source "lmi"]
[SourceDate "2014.07.13"]

1. d4 d5 2. Nf3 Nf6 3. c4 c6 4. e3 e6 5. Nc3 Nbd7 6. Bd3 Qc7 7. a3 e5 8. dxe5
Nxe5 9. Nxe5 Qxe5 10. cxd5 Nxd5 11. Nxd5 Qxd5 12. O-O Be6 13. Be2 Qe5 14. Bf3
Bd6 15. g3 Bh3 16. Bg2 Bxg2 17. Kxg2 O-O 18. Qc2 Rad8 19. Rb1 Bc7 20. b4 Rd7
21. Bb2 Qd5+ 22. Kg1 Qd2 23. Rbc1 Rfd8 24. Bc3 Qxc2 25. Rxc2 Rd1 26. Rxd1 Rxd1+
27. Kg2 Rd3 28. Bb2 Bd6 29. Kf3 f6 30. Ke2 Rd5 31. e4 Rb5 32. Kd3 Kf7 33. f4 f5
34. e5 Bc7 35. Re2 Ke6 36. h3 g6 37. Kc4 Rd5 38. Rg2 Rd7 39. Kc3 Bb8 1/2-1/2

[Event "16. Obert Int. Sant Martí 2014 Grupo B"]
[Site "Barcelona ESP"]
[Date "2014.07.14"]
[Round "2.70"]
[White "Rey Plaza, Sergio"]
[Black "Martimpé Burgués, Xavier"]
[Result "1-0"]
[WhiteElo "1831"]
[BlackElo "1700"]
[PlyCount "47"]
[EventDate "2014.07.13"]
[EventType "swiss"]
[EventRounds "9"]
[EventCountry "ESP"]
[Source "lmi"]
[SourceDate "2014.07.13"]

1. e4 e5 2. Nf3 Nc6 3. d4 Bd6 4. Bc4 h6 5. O-O Nf6 6. Nc3 exd4 7. Nxd4 Nxd4 8.
Qxd4 b6 9. e5 Bc5 10. Qf4 Be7 11. exf6 Bxf6 12. Qe4+ Qe7 13. Qxa8 O-O 14. Qe4
Re8 15. Qxe7 Rxe7 16. Nd5 Re4 17. Nxf6+ gxf6 18. Bd3 Rg4 19. Bxh6 Bb7 20. g3 d5
21. Rfe1 Bc6 22. Re7 d4 23. Rxc7 Ba4 24. Rc8+ 1-0

[Event "16. Obert Int. Sant Martí 2014 Grupo B"]
[Site "Barcelona ESP"]
[Date "2014.07.14"]
[Round "2.71"]
[White "Marquez Ramos, Ingrid"]
[Black "Martin Sanchez, Antoni"]
[Result "0-1"]
[WhiteElo "1700"]
[BlackElo "1825"]
[PlyCount "76"]
[EventDate "2014.07.13"]
[EventType "swiss"]
[EventRounds "9"]
[EventCountry "ESP"]
[Source "lmi"]
[SourceDate "2014.07.13"]

1. d4 Nf6 2. Nf3 g6 3. Nc3 d5 4. Bg5 Bg7 5. e3 c6 6. Be2 O-O 7. O-O Nbd7 8. Bd3
Re8 9. e4 dxe4 10. Nxe4 Nxe4 11. Bxe4 Nf6 12. Bd3 Bg4 13. Re1 Bxf3 14. gxf3
Qxd4 15. Re2 Rad8 16. Qd2 Qd5 17. Rae1 e6 18. c3 Qxd3 19. Qxd3 Rxd3 20. Kg2 h6
21. Bf4 g5 22. Bc7 Rd7 23. Be5 Nh5 24. Re4 Bxe5 25. Rxe5 Nf4+ 26. Kg1 Nd3 27.
f4 Nxe5 28. fxe5 Red8 29. Kg2 Kg7 30. Re4 Kg6 31. Ra4 a6 32. b3 Rd5 33. Re4 Kf5
34. f3 Rd2+ 35. Kg3 Rxa2 36. b4 Rdd2 37. Kh3 Rxh2+ 38. Kg3 Rag2# 0-1

[Event "16. Obert Int. Sant Martí 2014 Grupo B"]
[Site "Barcelona ESP"]
[Date "2014.07.14"]
[Round "2.72"]
[White "Mas Sayos, Lluis"]
[Black "Pozanco Villalba, Victor"]
[Result "1-0"]
[WhiteElo "1823"]
[BlackElo "1700"]
[PlyCount "59"]
[EventDate "2014.07.13"]
[EventType "swiss"]
[EventRounds "9"]
[EventCountry "ESP"]
[Source "lmi"]
[SourceDate "2014.07.13"]

1. e4 d6 2. d4 g6 3. f4 Nf6 4. Nc3 c6 5. h3 Bg7 6. Nf3 O-O 7. Be3 Qb6 8. Qd2
Qxb2 9. Rb1 Qa3 10. Bd3 Qa5 11. g4 Qc7 12. O-O h5 13. g5 Bxh3 14. gxf6 Bxf1 15.
fxg7 Kxg7 16. Rxf1 Qd7 17. f5 Rh8 18. Nh4 gxf5 19. Rxf5 Qxf5 20. Nxf5+ Kh7 21.
Nxe7 Nd7 22. e5+ Kg7 23. exd6 Nf6 24. Qg2+ Ng4 25. Bf4 Kf8 26. Ne4 Re8 27. Bg5
Rxe7 28. Bxe7+ Ke8 29. Qxg4 hxg4 30. Nf6# 1-0

[Event "16. Obert Int. Sant Martí 2014 Grupo B"]
[Site "Barcelona ESP"]
[Date "2014.07.14"]
[Round "2.73"]
[White "Orts Gonzalez, Rafael"]
[Black "Solís Calancha, Jordi"]
[Result "0-1"]
[WhiteElo "1700"]
[BlackElo "1810"]
[PlyCount "58"]
[EventDate "2014.07.13"]
[EventType "swiss"]
[EventRounds "9"]
[EventCountry "ESP"]
[Source "lmi"]
[SourceDate "2014.07.13"]

1. b3 Nf6 2. Bb2 e6 3. g3 g6 4. Bg2 Bg7 5. e4 O-O 6. d3 Re8 7. Nf3 d5 8. e5
Nfd7 9. Nbd2 c5 10. h4 Nc6 11. Qe2 Qc7 12. O-O-O Ncxe5 13. d4 Ng4 14. h5 cxd4
15. Ng5 d3 16. Qxd3 Bxb2+ 17. Kxb2 Qe5+ 18. Qc3 Qxg5 19. Nf3 Qf6 20. Rd4 Nxf2
21. Rf1 Ne4 22. Ng5 Qxg5 23. Bxe4 dxe4 24. Rxf7 Kxf7 25. Rxe4 Nf6 26. Rf4 Bd7
27. hxg6+ hxg6 28. Qc7 Kg8 29. Rxf6 Qxf6+ 0-1

[Event "16. Obert Int. Sant Martí 2014 Grupo B"]
[Site "Barcelona ESP"]
[Date "2014.07.14"]
[Round "2.74"]
[White "Ylla Soro, Rafael"]
[Black "Ramos Fernández, Pilar"]
[Result "1-0"]
[WhiteElo "1799"]
[BlackElo "1700"]
[PlyCount "81"]
[EventDate "2014.07.13"]
[EventType "swiss"]
[EventRounds "9"]
[EventCountry "ESP"]
[Source "lmi"]
[SourceDate "2014.07.13"]

1. e4 Nf6 2. e5 Ng4 3. Qxg4 d5 4. Qd1 Nd7 5. d4 e6 6. Nf3 Be7 7. Be2 O-O 8. Be3
c5 9. c3 Qb6 10. Qd2 c4 11. O-O Qc7 12. Na3 a6 13. Nc2 a5 14. Bg5 Qd8 15. b3 b5
16. bxc4 bxc4 17. Rfb1 f6 18. exf6 Bxf6 19. Qe3 Qe7 20. Bxf6 Qxf6 21. Rb2 Re8
22. Rab1 Ba6 23. Ne5 Nf8 24. Qf3 Qe7 25. Ne3 Rad8 26. Nc6 Qd6 27. Nxd8 Rxd8 28.
Rb6 Qc7 29. Rxa6 Nd7 30. Rxe6 Nf8 31. Reb6 Nd7 32. Rb7 Qc6 33. Nxd5 Qe6 34. Ne3
Qg6 35. Bxc4+ Kh8 36. Qf7 Rf8 37. Qxg6 hxg6 38. Rxd7 Kh7 39. Rbb7 Rg8 40. Bxg8+
Kxg8 41. Rxg7+ 1-0

[Event "16. Obert Int. Sant Martí 2014 Grupo B"]
[Site "Barcelona ESP"]
[Date "2014.07.14"]
[Round "2.75"]
[White "Sarrio Vendrell, Nerea"]
[Black "Tordera Jumilla, Joaquim"]
[Result "1-0"]
[WhiteElo "1792"]
[BlackElo "1700"]
[PlyCount "67"]
[EventDate "2014.07.13"]
[EventType "swiss"]
[EventRounds "9"]
[EventCountry "ESP"]
[Source "lmi"]
[SourceDate "2014.07.13"]

1. e4 c5 2. Nf3 Nf6 3. Nc3 e6 4. d4 cxd4 5. Nxd4 d6 6. Bd3 a6 7. h3 Be7 8. O-O
Bd7 9. Re1 Nc6 10. Nf3 O-O 11. Ne2 e5 12. Ng3 b5 13. b3 Rc8 14. a4 Rb8 15. axb5
axb5 16. Be3 Nb4 17. Rc1 Ra8 18. Qe2 Na2 19. Ra1 Nc3 20. Qd2 b4 21. Bc4 Rxa1
22. Rxa1 Nfxe4 23. Nxe4 Nxe4 24. Qxb4 d5 25. Qb7 Qc8 26. Qxd5 Bc6 27. Qxe5 Bf6
28. Qa5 Bxa1 29. Qxa1 Nc3 30. Qxc3 Bxf3 31. gxf3 h6 32. Bd4 Qxh3 33. Bxg7 Qg3+
34. fxg3 1-0

[Event "16. Obert Int. Sant Martí 2014 Grupo B"]
[Site "Barcelona ESP"]
[Date "2014.07.14"]
[Round "2.76"]
[White "Tasmin, Sultana"]
[Black "Larios Jimenez, Rafael"]
[Result "0-1"]
[WhiteElo "1320"]
[BlackElo "1791"]
[PlyCount "36"]
[EventDate "2014.07.13"]
[EventType "swiss"]
[EventRounds "9"]
[EventCountry "ESP"]
[Source "lmi"]
[SourceDate "2014.07.13"]

1. Nf3 d5 2. g3 Nf6 3. Bg2 Nc6 4. O-O e6 5. d4 Bd6 6. b3 O-O 7. Bb2 b6 8. Nbd2
Bb7 9. c4 Re8 10. Re1 e5 11. dxe5 Nxe5 12. cxd5 Bxd5 13. Nxe5 Bxe5 14. Bxd5
Qxd5 15. Bxe5 Rxe5 16. Nf3 Re6 17. Nh4 Rd8 18. Kf1 Qh1# 0-1

[Event "16. Obert Int. Sant Martí 2014 Grupo B"]
[Site "Barcelona ESP"]
[Date "2014.07.14"]
[Round "2.77"]
[White "Negreira Rodriguez, Daniel"]
[Black "Zia, Tahsin Tajwar"]
[Result "1-0"]
[WhiteElo "1786"]
[BlackElo "1258"]
[PlyCount "41"]
[EventDate "2014.07.13"]
[EventType "swiss"]
[EventRounds "9"]
[EventCountry "ESP"]
[Source "lmi"]
[SourceDate "2014.07.13"]

1. e4 e6 2. Nf3 d5 3. exd5 exd5 4. d4 Nf6 5. Be2 Bd6 6. O-O O-O 7. c4 c6 8. b3
Nbd7 9. Bd3 b6 10. Qc2 Bb7 11. Ng5 h6 12. Nh7 Nxh7 13. Bxh7+ Kh8 14. Bd3 Qh4
15. h3 Qxd4 16. Bb2 Qf4 17. g3 Qg5 18. h4 Qd8 19. Qd2 Re8 20. Qxh6+ Kg8 21.
Qxg7# 1-0

[Event "16. Obert Int. Sant Martí 2014 Grupo B"]
[Site "Barcelona ESP"]
[Date "2014.07.15"]
[Round "3.1"]
[White "Cervello Tost, Roger"]
[Black "Carrey Abellan, Enric"]
[Result "1-0"]
[WhiteElo "2084"]
[BlackElo "1991"]
[PlyCount "127"]
[EventDate "2014.07.13"]
[EventType "swiss"]
[EventRounds "9"]
[EventCountry "ESP"]
[Source "lmi"]
[SourceDate "2014.07.13"]

1. e4 c5 2. d4 cxd4 3. c3 dxc3 4. Nxc3 Nc6 5. Nf3 d6 6. Bc4 e6 7. O-O Nf6 8.
Qe2 Be7 9. Rd1 e5 10. h3 O-O 11. Bg5 Be6 12. Bxf6 Bxf6 13. Nb5 Be7 14. Bxe6
fxe6 15. Qd3 Qb6 16. Nxd6 Rad8 17. Qc4 Nd4 18. Nxd4 Rxd6 19. Nf3 Rc6 20. Qb3
Qxb3 21. axb3 Rc2 22. Rxa7 Bc5 23. Rxb7 Bxf2+ 24. Kf1 Bd4 25. b4 Rf2+ 26. Ke1
Rxg2 27. Nxd4 Rg1+ 28. Ke2 Rg2+ 29. Kd3 exd4 30. Rc1 e5 31. Rcc7 Rf3+ 32. Kc4
Rc2+ 33. Kd5 Rxc7 34. Rxc7 d3 35. Kxe5 Rxh3 36. Ke6 Rh6+ 37. Ke7 g5 38. Rd7 Rb6
39. Rxd3 Rxb4 40. Kf6 h6 41. e5 Rf4+ 42. Kg6 Kf8 43. Kxh6 g4 44. Kg5 Rf3 45.
Rd8+ Ke7 46. Kxg4 Rb3 47. Rd2 Ke6 48. Re2 Rb5 49. Kf4 Rb4+ 50. Kf3 Rb5 51. Ke4
Rxe5+ 52. Kd3 Rxe2 53. Kxe2 Kd5 54. Kd3 Kc5 55. Kc3 Kb5 56. Kb3 Ka5 57. Kc4 Kb6
58. Kb4 Ka6 59. Kc5 Ka5 60. b4+ Ka6 61. Kc6 Ka7 62. b5 Ka8 63. b6 Kb8 64. b7
1-0

[Event "16. Obert Int. Sant Martí 2014 Grupo B"]
[Site "Barcelona ESP"]
[Date "2014.07.15"]
[Round "3.2"]
[White "Andreu Termes, Frederic"]
[Black "Barragan Hernandez, Manel"]
[Result "1/2-1/2"]
[WhiteElo "2076"]
[BlackElo "1990"]
[PlyCount "84"]
[EventDate "2014.07.13"]
[EventType "swiss"]
[EventRounds "9"]
[EventCountry "ESP"]
[Source "lmi"]
[SourceDate "2014.07.13"]

1. c4 e5 2. g3 Nf6 3. Bg2 d5 4. cxd5 Nxd5 5. Nf3 Nc6 6. d3 Be7 7. Nbd2 O-O 8.
O-O Be6 9. Nc4 f6 10. Bd2 Qd7 11. Ne3 Rad8 12. a3 Bc5 13. Nxd5 Bxd5 14. b4 Bb6
15. Rc1 e4 16. dxe4 Bxe4 17. Bc3 Qf7 18. Qa4 Bd5 19. b5 Ne7 20. Qc2 Rfe8 21.
Bb4 Nc8 22. Nh4 Bb3 23. Qb2 Bd4 24. Bc3 Bxc3 25. Qxc3 Rxe2 26. Qxc7 Re7 27. Qc3
Nd6 28. Rfe1 Rxe1+ 29. Rxe1 Nxb5 30. Qa5 Qd7 31. Bxb7 Nd4 32. Bg2 Bc4 33. Nf3
Nc6 34. Qc5 Qd5 35. Qxd5+ Bxd5 36. Rc1 Rd7 37. Bh3 Re7 38. Nh4 Nd4 39. Kf1 g5
40. Nf5 Nxf5 41. Bxf5 Bf3 42. h3 h5 1/2-1/2

[Event "16. Obert Int. Sant Martí 2014 Grupo B"]
[Site "Barcelona ESP"]
[Date "2014.07.15"]
[Round "3.3"]
[White "Torras Chicon, Adria"]
[Black "Garcia Espelta, Josep"]
[Result "1-0"]
[WhiteElo "1996"]
[BlackElo "2072"]
[PlyCount "113"]
[EventDate "2014.07.13"]
[EventType "swiss"]
[EventRounds "9"]
[EventCountry "ESP"]
[Source "lmi"]
[SourceDate "2014.07.13"]

1. e4 c5 2. Nf3 e6 3. d4 cxd4 4. Nxd4 Nc6 5. Nb5 d6 6. c4 a6 7. Nd4 Nf6 8. Nc3
Be7 9. Be3 O-O 10. Be2 Qc7 11. O-O Ne5 12. Rc1 b6 13. f4 Ned7 14. Bf3 Bb7 15.
Qd3 Rac8 16. b3 Qb8 17. Rfd1 Qa8 18. b4 Rc7 19. Nb3 Rfc8 20. Nd2 a5 21. Nb5 Rc6
22. e5 dxe5 23. Bxc6 Bxc6 24. Qe2 exf4 25. Bxf4 Bxb4 26. Nf3 Ne4 27. Nfd4 Bc5
28. Kf1 e5 29. Nxc6 Qxc6 30. Na7 Qb7 31. Nxc8 exf4 32. Rd5 Qxc8 33. Qxe4 Nf6
34. Qxf4 Nxd5 35. cxd5 h6 36. d6 Qc6 37. Rd1 Qb5+ 38. Ke1 Bb4+ 39. Kf2 Bc5+ 40.
Kg3 Qd7 41. Qe5 Kf8 42. Qd5 Kg8 43. Kf3 g6 44. h3 Kf8 45. Ke4 Kg7 46. Qe5+ f6
47. Qd5 Qa4+ 48. Kf3 Qd7 49. g4 g5 50. Qf5 Qc6+ 51. Qd5 Qd7 52. Ke4 Qa4+ 53.
Kf5 Qd7+ 54. Qe6 Qa4 55. Qe7+ Kg8 56. Kg6 Qc2+ 57. Kxh6 1-0

[Event "16. Obert Int. Sant Martí 2014 Grupo B"]
[Site "Barcelona ESP"]
[Date "2014.07.15"]
[Round "3.4"]
[White "Cardenas, Fernando Adrian"]
[Black "Poyato Ruiz, Fernando"]
[Result "1-0"]
[WhiteElo "2060"]
[BlackElo "1968"]
[PlyCount "79"]
[EventDate "2014.07.13"]
[EventType "swiss"]
[EventRounds "9"]
[EventCountry "ESP"]
[Source "lmi"]
[SourceDate "2014.07.13"]

1. Nf3 e6 2. d4 Nf6 3. c4 Bb4+ 4. Bd2 Qe7 5. g3 d5 6. a3 Bxd2+ 7. Nbxd2 O-O 8.
Bg2 c5 9. dxc5 dxc4 10. Rc1 Qxc5 11. Rxc4 Qe7 12. O-O Nc6 13. b4 a6 14. Qc2 e5
15. Rc1 Bg4 16. e3 Qd7 17. Nb3 Bf5 18. Qb2 Rac8 19. Nc5 Qe7 20. Nh4 Be6 21.
Nxe6 Qxe6 22. Bxc6 Rxc6 23. Rxc6 bxc6 24. Qc2 Rc8 25. Qf5 Re8 26. Qxe6 Rxe6 27.
Rc5 Nd5 28. e4 Nc7 29. Nf5 Kf8 30. Ra5 g6 31. Ne3 Ke7 32. Kf1 f6 33. Nc4 Kd7
34. Ke2 Kc8 35. Kd3 Kb7 36. f4 exf4 37. gxf4 Re7 38. Rc5 Nb5 39. Na5+ Ka7 40.
Nxc6+ 1-0

[Event "16. Obert Int. Sant Martí 2014 Grupo B"]
[Site "Barcelona ESP"]
[Date "2014.07.15"]
[Round "3.5"]
[White "Palacios Peña, Gerardo"]
[Black "Rodriguez Llorens, Jorge"]
[Result "1/2-1/2"]
[WhiteElo "1993"]
[BlackElo "2059"]
[PlyCount "144"]
[EventDate "2014.07.13"]
[EventType "swiss"]
[EventRounds "9"]
[EventCountry "ESP"]
[Source "lmi"]
[SourceDate "2014.07.13"]

1. d4 Nf6 2. Nf3 c5 3. c3 d5 4. Bf4 e6 5. e3 Nc6 6. Nbd2 Bd6 7. Bg5 O-O 8. Bd3
cxd4 9. exd4 e5 10. dxe5 Nxe5 11. Nxe5 Bxe5 12. Nf3 Bg4 13. O-O Bc7 14. Bh4 Re8
15. Bc2 Qd6 16. Bg3 Qb6 17. Bb3 Rad8 18. Qd4 Bxg3 19. hxg3 Bxf3 20. Qxb6 axb6
21. gxf3 Re2 22. Rab1 b5 23. Rfd1 g5 24. Kf1 Re7 25. Rd4 Red7 26. Re1 Kg7 27.
Re5 h6 28. a3 Kf8 29. Bd1 Ng8 30. Be2 Ne7 31. Bxb5 Nc6 32. Bxc6 bxc6 33. Re1
Rb8 34. Re2 Re7 35. Rdd2 Ke8 36. Rxe7+ Kxe7 37. Ke1 Ke6 38. Kd1 c5 39. b4 cxb4
40. axb4 h5 41. Kc2 h4 42. gxh4 gxh4 43. Rd1 h3 44. Rh1 Rh8 45. Rh2 Ke5 46. Kd3
f6 47. b5 Rb8 48. Rxh3 Rxb5 49. Rh5+ f5 50. Rh4 Rb2 51. f4+ Kd6 52. Rh5 Rxf2
53. Rxf5 Ke6 54. Rf8 Ke7 55. Ke3 Rc2 56. Rc8 Kd7 57. Kd3 Rf2 58. Rf8 Ke7 59.
Rf5 Ke6 60. Re5+ Kd6 61. Ke3 Rf1 62. Rh5 Re1+ 63. Kd3 Rd1+ 64. Kc2 Rf1 65. Rh4
Kc5 66. Rg4 Rf2+ 67. Kd3 Rf3+ 68. Kd2 d4 69. cxd4+ Kxd4 70. Ke2 Re3+ 71. Kf2
Ke4 72. Rh4 Rf3+ 1/2-1/2

[Event "16. Obert Int. Sant Martí 2014 Grupo B"]
[Site "Barcelona ESP"]
[Date "2014.07.15"]
[Round "3.6"]
[White "Ferres Saez, Joan"]
[Black "Fabregas Fontanet, Antoni"]
[Result "0-1"]
[WhiteElo "1965"]
[BlackElo "2051"]
[PlyCount "94"]
[EventDate "2014.07.13"]
[EventType "swiss"]
[EventRounds "9"]
[EventCountry "ESP"]
[Source "lmi"]
[SourceDate "2014.07.13"]

1. e4 e6 2. d4 d5 3. e5 c5 4. c3 Nc6 5. Nf3 Nge7 6. Bd3 cxd4 7. cxd4 Nf5 8. Be3
Qb6 9. Qd2 Bb4 10. Nc3 O-O 11. a3 Bxc3 12. bxc3 Na5 13. Rb1 Qc7 14. O-O Nc4 15.
Bxc4 Qxc4 16. Rb4 Qa6 17. Qb2 b6 18. Nd2 Qd3 19. Bf4 Ba6 20. Re1 Rfc8 21. Nb1
Ne7 22. Qd2 Nc6 23. Qxd3 Bxd3 24. Rb2 Na5 25. Rc1 Rc7 26. a4 Rac8 27. Bd2 Nc4
28. Ra2 Bxb1 29. Rxb1 Nxd2 30. Rxd2 Rxc3 31. g3 h6 32. a5 Rc1+ 33. Rd1 Rxd1+
34. Rxd1 b5 35. a6 Rc4 36. f4 Kh7 37. Kf2 Kg6 38. g4 Ra4 39. Rb1 Rxd4 40. Ke3
Re4+ 41. Kf3 b4 42. h3 Rc4 43. Rb2 Rc3+ 44. Kg2 b3 45. Rb1 f6 46. exf6 gxf6 47.
Kh2 e5 0-1

[Event "16. Obert Int. Sant Martí 2014 Grupo B"]
[Site "Barcelona ESP"]
[Date "2014.07.15"]
[Round "3.7"]
[White "Vargas Drechsler, Carlos"]
[Black "Dougas Chavarria, Nestor"]
[Result "1-0"]
[WhiteElo "1958"]
[BlackElo "2050"]
[PlyCount "67"]
[EventDate "2014.07.13"]
[EventType "swiss"]
[EventRounds "9"]
[EventCountry "ESP"]
[Source "lmi"]
[SourceDate "2014.07.13"]

1. e4 g6 2. Nc3 Bg7 3. f4 d6 4. Nf3 a6 5. a4 c5 6. Bc4 Nc6 7. d3 Nf6 8. O-O Nd4
9. e5 Nxf3+ 10. Qxf3 dxe5 11. fxe5 Qd4+ 12. Be3 Qxe5 13. Rae1 O-O 14. Bf4 Qd4+
15. Kh1 Nh5 16. Be3 Qf6 17. Bxc5 Qxf3 18. Rxf3 Be6 19. Nd5 Bxd5 20. Bxd5 Nf6
21. Bxb7 Rab8 22. Rxe7 Rfe8 23. Rfe3 Rxe7 24. Rxe7 Bf8 25. Ba7 Rd8 26. Rc7 Re8
27. g3 Bd6 28. Rc8 Rxc8 29. Bxc8 Nd5 30. Bxa6 Nb4 31. Bb5 Nxc2 32. a5 Nb4 33.
a6 Nd5 34. Bd4 1-0

[Event "16. Obert Int. Sant Martí 2014 Grupo B"]
[Site "Barcelona ESP"]
[Date "2014.07.15"]
[Round "3.8"]
[White "Delgado Camara, Luis Felix"]
[Black "Escofet Llongueras, Joan"]
[Result "0-1"]
[WhiteElo "2047"]
[BlackElo "1947"]
[PlyCount "60"]
[EventDate "2014.07.13"]
[EventType "swiss"]
[EventRounds "9"]
[EventCountry "ESP"]
[Source "lmi"]
[SourceDate "2014.07.13"]

1. e4 e6 2. d4 d5 3. Nc3 Nf6 4. Bg5 Be7 5. e5 Nfd7 6. h4 a6 7. Qg4 h5 8. Qf4 c5
9. O-O-O cxd4 10. Nxd5 Bxg5 11. hxg5 Nc6 12. Nf3 exd5 13. e6 fxe6 14. Bd3 Nf8
15. Rhe1 Qe7 16. Ne5 Bd7 17. Ng6 Nxg6 18. Bxg6+ Kd8 19. Qg3 Be8 20. Bf5 Bd7 21.
f4 Qd6 22. Bh3 Kc7 23. Qf2 Rhf8 24. g3 Rae8 25. Qf3 h4 26. Qg2 hxg3 27. Rf1
Rxf4 28. Rfe1 Rf2 29. Qg1 Rh8 30. Bxe6 Rhh2 0-1

[Event "16. Obert Int. Sant Martí 2014 Grupo B"]
[Site "Barcelona ESP"]
[Date "2014.07.15"]
[Round "3.9"]
[White "Volart Buil, Jordi"]
[Black "Minguell Soler, Joan"]
[Result "1/2-1/2"]
[WhiteElo "1943"]
[BlackElo "2046"]
[PlyCount "64"]
[EventDate "2014.07.13"]
[EventType "swiss"]
[EventRounds "9"]
[EventCountry "ESP"]
[Source "lmi"]
[SourceDate "2014.07.13"]

1. d4 Nf6 2. c4 g6 3. Nc3 d5 4. Bf4 c6 5. e3 Bg7 6. Qb3 O-O 7. Nf3 a6 8. Be2
dxc4 9. Bxc4 b5 10. Be2 Bb7 11. O-O Nbd7 12. a4 Rc8 13. Rac1 Qb6 14. axb5 cxb5
15. Ne5 Nxe5 16. Bxe5 Rfd8 17. Na4 Qa7 18. Nc5 Bd5 19. Qa3 Ra8 20. Ra1 Qb6 21.
b4 Ne4 22. Bxg7 Kxg7 23. Rfc1 Qf6 24. Nxe4 Bxe4 25. Rc5 Rdc8 26. Rac1 Bb7 27.
h3 Rxc5 28. Rxc5 Rc8 29. Qc3 Rxc5 30. Qxc5 Qc6 31. Qe5+ Kg8 32. Qb8+ Kg7
1/2-1/2

[Event "16. Obert Int. Sant Martí 2014 Grupo B"]
[Site "Barcelona ESP"]
[Date "2014.07.15"]
[Round "3.10"]
[White "Roche Peris, Eduard"]
[Black "Lozano Diaz, Antoni"]
[Result "1/2-1/2"]
[WhiteElo "1925"]
[BlackElo "2015"]
[PlyCount "40"]
[EventDate "2014.07.13"]
[EventType "swiss"]
[EventRounds "9"]
[EventCountry "ESP"]
[Source "lmi"]
[SourceDate "2014.07.13"]

1. c4 c6 2. Nc3 d5 3. d4 dxc4 4. a4 e5 5. Nf3 exd4 6. Qxd4 Qxd4 7. Nxd4 Bc5 8.
e3 Bxd4 9. exd4 Be6 10. Ne4 b6 11. Bxc4 Bxc4 12. Nd6+ Kd7 13. Nxc4 f6 14. O-O
Ne7 15. Bd2 Na6 16. b4 Nd5 17. b5 cxb5 18. axb5 Nac7 19. Rab1 Rhe8 20. Ne3 Re4
1/2-1/2

[Event "16. Obert Int. Sant Martí 2014 Grupo B"]
[Site "Barcelona ESP"]
[Date "2014.07.15"]
[Round "3.11"]
[White "Molina Hernandez, Albert"]
[Black "Fuentes Barrientos, Carlos"]
[Result "1-0"]
[WhiteElo "2004"]
[BlackElo "1915"]
[PlyCount "41"]
[EventDate "2014.07.13"]
[EventType "swiss"]
[EventRounds "9"]
[EventCountry "ESP"]
[Source "lmi"]
[SourceDate "2014.07.13"]

1. e4 c5 2. Nf3 g6 3. Nc3 Bg7 4. d4 cxd4 5. Nxd4 Nc6 6. Be3 Nf6 7. f3 O-O 8.
Qd2 d5 9. O-O-O e5 10. Nxc6 bxc6 11. exd5 cxd5 12. Nxd5 Be6 13. Bc4 Qc8 14.
Ne7+ Kh8 15. Nxc8 Bxc4 16. Nd6 Be6 17. Bh6 Rfd8 18. Bxg7+ Kxg7 19. Qe3 Nd5 20.
Qxe5+ Kg8 21. Rxd5 1-0